|
|
|
|
| LEADER |
00997naa a2200241 i 4500 |
| 001 |
publ28519 |
| 005 |
20231030081243.0 |
| 008 |
231030s2023 hu o 0|| Angol d |
| 020 |
|
|
|a 9783031184604; 9783031184611
|
| 024 |
7 |
|
|a 10.1007/978-3-031-18461-1_47
|2 doi
|
| 024 |
7 |
|
|a 33541594
|2 mtmt
|
| 040 |
|
|
|a SZTE Publicatio Repozitórium
|b hun
|
| 041 |
|
|
|a Angol
|
| 100 |
1 |
|
|a Dombi József
|
| 245 |
1 |
0 |
|a Distending Function-based Data-Driven Type2 Fuzzy Inference System
|h [elektronikus dokumentum] /
|c Dombi József
|
| 260 |
|
|
|a Springer
|b Cham
|c 2023
|
| 300 |
|
|
|a 12
|
| 300 |
|
|
|a 719-730
|
| 490 |
0 |
|
|a Proceedings of the Future Technologies Conference (FTC) 2022, Volume 1
|
| 650 |
|
4 |
|a Számítás- és információtudomány
|
| 700 |
0 |
1 |
|a Hussain Abrar
|e aut
|
| 856 |
4 |
0 |
|u http://publicatio.bibl.u-szeged.hu/28519/1/2022_Distendingfunction-baseddata-driven_Abrar_FTC.pdf
|z Dokumentum-elérés
|
| 856 |
4 |
0 |
|u http://publicatio.bibl.u-szeged.hu/28519/3/33541594_c%C3%ADmlap_tartalom.pdf
|z Dokumentum-elérés
|